| 000 | 00644nam a2200229Ia 4500 | ||
|---|---|---|---|
| 005 | 20260429112230.0 | ||
| 008 | 260429s9999||||xx |||||||||||||| ||und|| | ||
| 020 | _a9781260570816 | ||
| 041 | _aEnglish | ||
| 082 |
_a540 _bFAH |
||
| 100 | _aFahlman, Bradley D. | ||
| 245 | 0 |
_aChemistry in context : _bapplying chemistry to society / _cBradley D. Fahlman |
|
| 250 | _a10th ed. | ||
| 260 |
_aNew York : _bMc Graw Hill, _c2021. |
||
| 300 | _axix, 591 p.; pbk | ||
| 650 | _aChemistry | ||
| 700 | _a Daubenmire, Patrick L. | ||
| 700 | _a Kelly, Resa M. | ||
| 700 | _a Kirk, John S. | ||
| 700 | _a Purvis-Roberts, Kathleen | ||
| 942 | _cTB | ||
| 999 |
_c53026 _d53026 |
||